| 000 | 00830cam a2200229 a 4500 | ||
|---|---|---|---|
| 001 | 000002836 | ||
| 005 | 20200929150252.0 | ||
| 008 | 770923s1976 ve b 001 j spa | ||
| 040 |
_aDO-SdBNP _bspa _cBNPHU |
||
| 082 |
_aV863.09 _bP739fzT |
||
| 100 | 1 |
_aTejera, María Josefina. _98980 |
|
| 245 | 1 | 0 |
_aJosé Rafael Pocaterra : _bficción y denuncia / _cMaría Josefina Tejera. |
| 260 |
_aCaracas, (Venezuela) : _bMonte Avila Editores, _c1976. |
||
| 300 |
_a470 p. ; _c18 cm. |
||
| 490 | 1 | _aEstudios | |
| 504 | _aIncluye referencias bibliográficas :[p. 433-470.] | ||
| 500 | _aIncluye índice. | ||
| 600 | 1 | 4 |
_aPOCATERRA, JOSÉ RAFAEL _d1890-1955 _xCRÍTICA E INTERPRETACIÓN _98981 |
| 650 | 4 |
_aCuentos venezolanos _xHistoria y crítica _98982 |
|
| 650 | 4 |
_aNovela venezolana _xHistoria y crítica _98983 |
|
| 830 | 0 |
_aEstudios _93854 |
|
| 999 |
_c2670 _d2670 |
||